Statistics for JR05-JR四国の駅

Click here to take the quiz!

General Stats

  • This quiz has been taken 252 times
  • The average score is 129 of 273

Answer Stats

本線% Correct
高松
100%
松山
97%
徳島
96%
宇多津
96%
坂出
95%
多度津
95%
観音寺
91%
琴平
91%
丸亀
91%
児島
91%
鳴門
90%
伊予西条
90%
高知
90%
宇和島
90%
今治
89%
阿波池田
88%
伊予市
87%
新居浜
85%
内子
85%
大歩危
84%
栗林
84%
伊予三島
83%
善通寺
83%
小歩危
83%
志度
80%
伊予北条
80%
オレンジタウン
79%
窪川
79%
北宇和島
79%
牟岐
79%
後免
78%
伊予大洲
77%
下灘
77%
八幡浜
76%
76%
土佐山田
74%
阿波海南
73%
川之江
73%
詫間
72%
鬼無
72%
阿南
72%
池谷
72%
香西
71%
みの
71%
栗林公園北口
71%
讃岐塩屋
71%
讃岐府中
70%
屋島
69%
端岡
69%
伊野
68%
坪尻
67%
勝瑞
67%
佐古
67%
三本松
67%
南小松島
66%
須崎
66%
板野
65%
高瀬
63%
国分
63%
讃岐白鳥
63%
江川崎
63%
津島ノ宮
63%
引田
63%
海岸寺
62%
八十場
62%
壬生川
62%
讃岐財田
60%
南伊予
60%
北伊予
60%
金蔵寺
60%
土佐大正
58%
教会前
58%
若井
58%
伊予長浜
58%
朝倉
58%
昭和町
58%
伊予小松
58%
石鎚山
58%
大杉
56%
穴吹
56%
豊浜
55%
新改
55%
卯之町
55%
市坪
55%
伊予寒川
54%
鴨川
54%
佐川
54%
半家
53%
土佐昭和
53%
土佐一宮
53%
讃岐津田
52%
土佐久礼
52%
本山
52%
51%
阿波川島
51%
伊予上灘
50%
比地大
50%
三津浜
49%
讃岐相生
49%
薊野
48%
近永
48%
向井原
48%
48%
高知商業前
48%
鴨島
47%
阿波富田
47%
古高松南
47%
伊予吉田
47%
47%
阿波大宮
47%
金比羅前
46%
箕浦
46%
讃岐牟礼
46%
伊予桜井
45%
伊予中山
45%
赤星
45%
波止浜
44%
伊予土居
44%
伊予氷見
44%
石井
44%
土佐北川
44%
日和佐
44%
撫養
43%
八栗口
43%
黒川
43%
造田
42%
土佐大津
42%
塩入
42%
木太町
41%
新谷
41%
桑野
40%
文化の森
40%
吉成
40%
箸蔵
40%
阿波川口
40%
玉之江
40%
五郎
40%
伊予宮野下
40%
堀江
40%
多喜浜
39%
羽ノ浦
38%
小島
38%
板東
38%
伊予三芳
38%
伊予富田
38%
伊予横田
37%
鳥ノ木
37%
繁藤
37%
府中
37%
伊予和気
37%
阿波橘
37%
松丸
37%
山田西町
37%
由岐
36%
光洋台
36%
土佐長岡
35%
西佐川
35%
貞光
35%
阿波川端
35%
土佐穴内
34%
入明
34%
祖谷口
34%
西大洲
34%
中田
34%
円行寺口
34%
中萩
34%
蔵本
34%
多ノ郷
33%
三縄
33%
阿波加茂
33%
上宇和
32%
伊予亀岡
32%
布師田
32%
関川
32%
阿波山川
32%
土佐岩原
32%
下宇和
31%
大西
31%
波方
31%
阿波大谷
31%
伊予石城
30%
十川
30%
土佐新荘
30%
二軒屋
29%
田井ノ浜
29%
安和
29%
丹生
29%
小村神社前
29%
務田
29%
伊予平野
29%
春賀
28%
伊予立川
28%
麻植塚
28%
伊予白滝
28%
神前
28%
喜多灘
28%
28%
浅海
28%
菊間
28%
大浦
27%
木岐
26%
伊予大平
26%
西麻植
26%
豊永
26%
鯖瀬
26%
鮎喰
26%
千丈
26%
日下
26%
鶴羽
26%
枝川
26%
伊予出石
26%
吉野生
25%
大田口
25%
阿波赤石
25%
家地川
25%
高野川
25%
五十崎
25%
新野
25%
立道
24%
阿波中島
24%
深田
24%
三加茂
24%
阿波半田
24%
八多喜
24%
高光
23%
角茂谷
23%
立間
23%
牛島
23%
地蔵橋
23%
仁井田
22%
打井川
22%
双岩
22%
柳原
22%
阿波福井
22%
六反地
21%
浅川
21%
大間
21%
波川
20%
影野
20%
喜多山
19%
土佐加茂
19%
山河内
19%
粟井
19%
襟野々
19%
西ヶ方
19%
真土
19%
見能林
19%
北河内
18%
斗賀野
18%
立江
18%
吾桑
18%
出目
17%
二名
17%
岡花
17%
大内
16%
山瀬
16%
下浦
16%
江口
15%
辺川
15%
川田
15%
西原
14%

Score Distribution

Percentile by Number Answered

Percent of People with Each Score

Your Score History

You have not taken this quiz